000 00734nam a2200193 a 4500
001 BRCA_1397
005 20190320203417.0
008 750711s1970 mx-a---###---#000-0#spa-#
050 4 _aNA5257.M4
_b.P47 1970
100 1 _aPérez Cancio, Gregorio
_94570
245 1 0 _aLibro de fábrica del Templo Parroquial de la Santa Cruz y Soledad de Nuestra Señora: años de 1773 a 1784
_cGregorio Pérez Cancio ; transcripción, prólogo y notas de Gonzalo Obregón.
260 _aMéxico
_bINAH
_c1970
300 _a268 p.
_bil.
_c23 cm.
440 0 _aDepartamento de Monumentos Coloniales
_n23
_94571
651 4 _aMéxico (Ciudad)
_94572
651 4 _aSanta Cruz y Soledad (Iglesia)
_94573
700 1 _aObregón, Gonzalo
_9811
942 _2lcc
_cB
999 _c1259
_d1259